00349nam a2200121Ia 4500008004100000082001500041100002000056245002700076260002800103300000900131630001800140650006900158211109s9999||||xx |||||||||||||| ||und|| a510bCAG-H aCagori, Florian 0aHistory of Mathematics bMacmillanaLondonc1919 a516p xGeneral Stack anatural Sciencesvhistory of MathematicsMathematicsxMathematics